LEADER 00895nam0-22002891i-450- 001 990001289300403321 035 $a000128930 035 $aFED01000128930 035 $a(Aleph)000128930FED01 035 $a000128930 100 $a20000920d1986----km-y0itay50------ba 101 1$aeng 200 1 $aDifferential geometry$eProceedings of the 2nd International Symposium held at Peniscola, Spain, June 2-9, 1985$fEdited by A.M. Naveira, A. Ferrandez and F. Mascaro 205 $a$a 210 $aBerlin [etc.]$cSpringer-Verlag$d1986 225 1 $aLecture Notes in Mathematics$v1209 700 1$aNaveira,$bA.M.$058738 702 1$aFerrandez,$bA. 702 1$aMascaro,$bF. 801 0$aIT$bUNINA$gRICA$2UNIMARC 901 $aBK 912 $a990001289300403321 952 $aC-20-(1209$b2486$fMA1 959 $aMA1 996 $aDifferential geometry$9383785 997 $aUNINA DB $aING01 LEADER 02024nam 2200541 450 001 9910456883103321 005 20200520144314.0 010 $a1-4698-7432-6 035 $a(CKB)2430000000022434 035 $a(OCoLC)874968331 035 $a(CaPaEBR)ebrary10825400 035 $a(SSID)ssj0000352659 035 $a(PQKBManifestationID)11301651 035 $a(PQKBTitleCode)TC0000352659 035 $a(PQKBWorkID)10285034 035 $a(PQKB)11354311 035 $a(MiAaPQ)EBC2032467 035 $a(Au-PeEL)EBL2032467 035 $a(CaPaEBR)ebr10825400 035 $a(OCoLC)908075769 035 $a(EXLCZ)992430000000022434 100 $a20050803h20062006 uy| 0 101 0 $aeng 135 $aurcnu|||||||| 181 $ctxt 182 $cc 183 $acr 200 10$aAtlas of adult physical diagnosis /$fDale Berg, Katherine Worzala 210 1$aPhiladelphia :$cLippincott Williams & Wilkins,$d[2006] 210 4$dİ2006 215 $a1 online resource (438 p.) 300 $aBibliographic Level Mode of Issuance: Monograph 311 $a0-7817-4190-4 320 $aIncludes bibliographical references and index. 327 $aThe head, ears, nose, and throat (HENT) examination -- The male genitourinary examination -- Female genitourinary examination -- Cardiovascular examination -- Lung and chest examination -- Abdominal examination -- Neurologic examination -- Knee examination -- Shoulder examination -- Hand, wrist, and thumb examination -- Elbow examination -- Hip, back, and trunk examination -- Foot and ankle examination -- Skin examination -- Eye examination. 606 $aPhysical diagnosis$vAtlases 608 $aElectronic books. 615 0$aPhysical diagnosis 676 $a616.07/54 700 $aBerg$b Dale$0897014 701 $aWorzala$b Katherine$0897015 801 0$bMiAaPQ 801 1$bMiAaPQ 801 2$bMiAaPQ 906 $aBOOK 912 $a9910456883103321 996 $aAtlas of adult physical diagnosis$92004253 997 $aUNINA